000 00438nam a22001817a 4500
003 koha_MIRAKIL
005 20231213100007.0
008 231213b |||||||| |||| 00| 0 ||| d
020 _b978-6-05-005815-4
040 _aTR-IsEVY
_btur
_cTR-IsEVY
082 _a823 BLY/Ş
100 _aBlyton, Enid.
245 0 _aŞatoda macera
250 _a12. bs.
260 _bArtemis Yayınları,
_c2015
300 _a267 s.
942 _2ddc
_cBK
999 _c12769
_d12769